Statistics for City Chain #1

Click here to take the quiz!

General Stats

  • This quiz has been taken 1,089 times
  • The average score is 15 of 21

Answer Stats

HintAnswer% Correct
Where you can find Mona Lisa and the Eiffel TowerParis
100%
Where the COVID-19 pandemic originatedWuhan
94%
Most populous city of ScotlandGlasgow
91%
Known till 1991 as LeningradSaint Petersburg
88%
Almost half of people living in New Zealand lives hereAuckland
87%
Swiss city by a Swiss-French lakeGeneva
87%
Where the Nobel Prizes are handed outStockholm
86%
Where the German WWII trials took placeNüremberg
85%
Administrative capital of South AfricaPretoria
83%
Biggest city in Belgium by surface areaAntwerp
82%
Capital of brave Ukraine (Slava Ukraini!)Kyiv
82%
Birthplace of Islam prophet MuhammadMecca
81%
World's busiest airport can be find hereAtlanta
71%
Biggest port of Europe can be found hereRotterdam
68%
Where George Floyd died in 2020Minneapolis
64%
Capital of the biggest island in the worldNuuk
54%
Biggest city in the Amazon rainforestManaus
51%
Former capital of former country that is now part of TanzaniaZanzibar (City)
50%
Means 'House of Peace' in ArabicDar es Salaam
31%
Louis de Funès played a gendarme in this French Riviera citySaint Tropez
24%
Capital of Pitcairn Island with only 40 inhabitantsAdamstown
12%

Score Distribution

Percentile by Number Answered

Percent of People with Each Score

Your Score History

You have not taken this quiz